[Event "Titled Tuesday intern op 16th Nov"]
[Site "Chess.com INT"]
[Date "2021.11.16"]
[Round "5"]
[White "Lauridsen, Jesper Morch"]
[Black "Zvan, Ziga"]
[Result "0-1"]
[WhiteElo "2215"]
[BlackElo "2210"]
[PlyCount "48"]
[EventDate "2021.11.16"]
[EventType "swiss (blitz)"]
[EventRounds "11"]
[EventCountry "USA"]
[SourceTitle "CBM 205 Extra"]
[Source "ChessBase"]
[SourceDate "2022.01.31"]
[SourceVersion "1"]
[SourceVersionDate "2022.01.31"]
[SourceQuality "1"]

1. e4 e5 2. Nf3 Nc6 3. Bb5 Nge7 4. Nc3 d6 5. d4 exd4 6. Nxd4 Bd7 7. Bg5 h6 8. Be3 g6 9. Nxc6 Nxc6 10. Bxc6 Bxc6 11. Qd4 Rg8 12. 0-0-0 Qd7 13. Rhe1 Bg7 14. Qd2 0-0-0 15. Bxh6 Bxh6 16. Qxh6 g5 17. Qf6 Kb8 18. Nd5 Rde8 19. Qd4 Re5 20. Nf6 Qd8 21. Nxg8 Qxg8 22. f3 g4 23. Rd2 f5 24. Red1 Qxa2 0-1

[Event "SLO-chT 31st"]
[Site "Ljubljana"]
[Date "2021.09.10"]
[Round "1.2"]
[White "Biti, Ozren"]
[Black "Zvan, Ziga"]
[Result "1/2-1/2"]
[WhiteElo "2358"]
[BlackElo "2222"]
[PlyCount "81"]
[EventDate "2021.09.10"]
[EventType "team-tourn"]
[EventRounds "9"]
[EventCountry "SLO"]
[SourceTitle "CBM 204 Extra"]
[Source "ChessBase"]
[SourceDate "2021.11.30"]
[SourceVersion "1"]
[SourceVersionDate "2021.11.30"]
[SourceQuality "1"]
[WhiteTeam "Posocje"]
[BlackTeam "Kranj Tomo Zupan"]
[WhiteTeamCountry "SLO"]
[BlackTeamCountry "SLO"]

1. e4 e5 2. Nf3 Nc6 3. Bc4 Bc5 4. c3 Nf6 5. d3 d6 6. h3 0-0 7. 0-0 h6 8. Re1 a6 9. Bb3 Ba7 10. Nbd2 Ne7 11. Nf1 Ng6 12. Ng3 c6 13. d4 Qc7 14. Be3 Re8 15. Qd2 d5 16. Nxe5 Nxe5 17. dxe5 Bxe3 18. Qxe3 Qxe5 19. exd5 Qxe3 20. Rxe3 Rxe3 21. fxe3 cxd5 22. Rd1 Be6 23. Rd4 Kf8 24. Rb4 Rb8 25. Ne2 Ke7 26. Nf4 g5 27. Nd3 Kd6 28. Rd4 Rd8 29. Nf2 Kc7 30. Bd1 Nd7 31. Nd3 b6 32. Bf3 Nf6 33. Nb4 a5 34. Nc2 Bf5 35. Na3 Be4 36. Nb5+ Kc6 37. a4 Bc2 38. Na7+ Kb7 39. Nb5 Kc6 40. Na7+ Kb7 41. Nb5 1/2-1/2

[Event "SLO-chT 29th"]
[Site "Slovenia"]
[Date "2019.11.22"]
[Round "4.2"]
[White "Zvan, Ziga"]
[Black "Janzelj, Lara"]
[Result "0-1"]
[WhiteElo "2249"]
[BlackElo "2159"]
[PlyCount "68"]
[EventDate "2019.09.06"]
[EventType "team-tourn"]
[EventRounds "9"]
[EventCountry "SLO"]
[SourceTitle "CBM 193 Extra"]
[Source "ChessBase"]
[SourceDate "2020.01.31"]
[SourceVersion "1"]
[SourceVersionDate "2020.01.31"]
[SourceQuality "1"]
[WhiteTeam "Prevodi Dvojka"]
[BlackTeam "Ig"]
[WhiteTeamCountry "SLO"]
[BlackTeamCountry "SLO"]

1. d4 d5 2. c4 dxc4 3. Nf3 Nf6 4. e3 b5 5. a4 b4 6. Bxc4 e6 7. 0-0 Be7 8. Nbd2 0-0 9. e4 Bb7 10. Qe2 c5 11. dxc5 Nbd7 12. c6 Bxc6 13. Nd4 Bb7 14. e5 Nd5 15. N2f3 Nc5 16. a5 a6 17. Bd2 Rb8 18. Rfd1 Qc7 19. Nc2 Rfd8 20. Rdc1 Qd7 21. Ncd4 Rdc8 22. h3 Rc7 23. Nb3 Nxb3 24. Bxb3 Rxc1+ 25. Rxc1 Bd8 26. Ng5 Bxa5 27. Qd3 g6 28. Ne4 Kg7 29. Bg5 Bd8 30. Nc5 Qe8 31. Bxd8 Qxd8 32. Nxa6 Nf4 33. Qxd8 Rxd8 34. Nxb4 Ne2+ 0-1

[Event "SLO-chT 29th"]
[Site "Slovenia"]
[Date "2019.09.07"]
[Round "2.1"]
[White "Bratkovic, Jakob"]
[Black "Zvan, Ziga"]
[Result "1-0"]
[WhiteElo "2341"]
[BlackElo "2249"]
[PlyCount "137"]
[EventDate "2019.09.06"]
[EventType "team-tourn"]
[EventRounds "9"]
[EventCountry "SLO"]
[SourceTitle "CBM 192 Extra"]
[Source "Chessbase"]
[SourceDate "2019.11.06"]
[SourceVersion "1"]
[SourceVersionDate "2019.11.06"]
[SourceQuality "1"]
[WhiteTeam "Maribor"]
[BlackTeam "Prevodi Dvojka"]
[WhiteTeamCountry "SLO"]
[BlackTeamCountry "SLO"]

1. e4 e5 2. Nf3 Nc6 3. Bc4 Bc5 4. d3 Nf6 5. Nbd2 d6 6. c3 0-0 7. 0-0 a6 8. Bb3 Ba7 9. h3 Ne7 10. Re1 Ng6 11. Nf1 h6 12. Ng3 c6 13. d4 Re8 14. Be3 exd4 15. Nxd4 Nxe4 16. Nxe4 Rxe4 17. Bxf7+ Kxf7 18. Qf3+ Qf6 19. Qxe4 Bd7 20. Nc2 Bb8 21. Bd4 Qg5 22. f4 Nxf4 23. Rf1 d5 24. Qf3 Bf5 25. Be3 Bxc2 26. Bxf4 Bxf4 27. Qxf4+ Qxf4 28. Rxf4+ Kg8 29. Raf1 Bg6 30. Re1 Be4 31. Kf2 Re8 32. Re2 b5 33. Ke1 a5 34. Kd2 a4 35. a3 c5 36. Rf5 Re6 37. Rxe4 Rxe4 38. Rxd5 Rc4 39. Rd8+ Kf7 40. Rb8 Ke6 41. Rxb5 Kd5 42. Rb7 Rf4 43. Rxg7 Rf2+ 44. Kc1 Kc4 45. Kb1 Kb3 46. Rb7+ Kc4 47. Ka2 Rxg2 48. Ra7 Kb5 49. c4+ Kxc4 50. Rxa4+ Kd3 51. Rg4 Rh2 52. Rg3+ Kc4 53. Rb3 Rf2 54. Rb6 h5 55. a4 Rf7 56. a5 Kd5 57. a6 Ra7 58. Ka3 Kc4 59. Ka4 Rf7 60. Ka5 Rf1 61. Rb5 Re1 62. b3+ Kd5 63. Kb6 Re6+ 64. Ka7 Re7+ 65. Kb6 Re6+ 66. Ka5 Re1 67. a7 Kd6 68. Rb6+ Kc7 69. Ra6 1-0

[Event "SLO-chT 27th"]
[Site "Slovenia"]
[Date "2017.10.22"]
[Round "6.3"]
[White "Zvan, Ziga"]
[Black "Praznik, Anton"]
[Result "0-1"]
[WhiteElo "2275"]
[BlackElo "2140"]
[PlyCount "78"]
[EventDate "2017.09.29"]
[EventType "team-tourn"]
[EventRounds "9"]
[EventCountry "SLO"]
[SourceTitle "CBM 181 Extra"]
[Source "ChessBase"]
[SourceDate "2017.12.12"]
[SourceVersion "1"]
[SourceVersionDate "2017.12.12"]
[SourceQuality "1"]
[WhiteTeam "Prevodi Dvojka"]
[BlackTeam "Vrhnika"]
[WhiteTeamCountry "SLO"]
[BlackTeamCountry "SLO"]

1. d4 e6 2. e4 d5 3. exd5 exd5 4. Bd3 Bd6 5. Nf3 Bg4 6. 0-0 Ne7 7. Bg5 f6 8. Bh4 Nbc6 9. c3 Qd7 10. b4 0-0 11. Nbd2 Bf5 12. Qc2 Bxd3 13. Qxd3 Qf5 14. Qxf5 Nxf5 15. Rfe1 Rfe8 16. Nf1 Re4 17. Bg3 Rae8 18. N1d2 Rxe1+ 19. Rxe1 Rxe1+ 20. Nxe1 Bxg3 21. hxg3 Kf7 22. Nd3 b6 23. Kf1 Nd6 24. a4 a5 25. Ke2 Ne4 26. Nxe4 dxe4 27. Nf4 axb4 28. Nd5 bxc3 29. Nxc3 Nxd4+ 30. Ke3 Nb3 31. Kxe4 c6 32. Kd3 Ke6 33. Kc4 Na5+ 34. Kd4 f5 35. Ne2 g5 36. Kc3 c5 37. Nc1 Kd5 38. f3 Nc4 39. Kd3 Nb2+ 0-1

[Event "SLO-chT"]
[Site "Slovenia"]
[Date "2016.10.16"]
[Round "3"]
[White "Zvan, Ziga"]
[Black "Kavcic, Zan"]
[Result "0-1"]
[WhiteElo "2320"]
[BlackElo "2305"]
[PlyCount "122"]
[EventDate "2016.10.14"]
[EventType "team-tourn"]
[EventRounds "9"]
[EventCountry "SLO"]
[SourceTitle "EXT 2017"]
[Source "ChessBase"]
[SourceDate "2016.10.25"]
[SourceVersion "1"]
[SourceVersionDate "2016.10.25"]
[SourceQuality "1"]
[WhiteTeam "Prevodi Dvojka"]
[BlackTeam "Vrhnika"]
[WhiteTeamCountry "SLO"]
[BlackTeamCountry "SLO"]

1. d4 Nf6 2. Bg5 Ne4 3. Bf4 c5 4. f3 Qa5+ 5. c3 Nf6 6. d5 d6 7. e4 g6 8. Qd2 Nbd7 9. Na3 Qd8 10. Be2 Rb8 11. g4 h5 12. g5 Nh7 13. Bg3 Bg7 14. f4 a6 15. Nf3 b5 16. 0-0 0-0 17. Nh4 Qe8 18. Rae1 Bb7 19. Bd1 Rd8 20. Nc2 Nb6 21. f5 Nc4 22. Qc1 Be5 23. Bxh5 gxh5 24. g6 fxg6 25. fxg6 Rxf1+ 26. Rxf1 Nf8 27. Qh6 Bf6 28. Rf5 Bc8 29. Rxh5 Bg4 30. Rg5 Bg7 31. Qxg7+ Kxg7 32. Rxg4 Nxg6 33. Nxg6 Qxg6 34. Rxg6+ Kxg6 35. Kf2 Nxb2 36. Ne3 Na4 37. c4 Nc3 38. Kf3 Rf8+ 39. Bf4 Nxa2 40. Kg4 Nc3 41. cxb5 axb5 42. e5 Rxf4+ 43. Kxf4 b4 44. exd6 exd6 45. Nc4 Nxd5+ 46. Ke4 Nf6+ 47. Kd3 Ne8 48. Ke4 Kg5 49. Kd5 Kh4 50. Ke6 Kh3 51. Ke7 b3 52. Kxe8 d5 53. Na3 b2 54. Kd7 c4 55. Kc6 c3 56. Kxd5 c2 57. Nxc2 b1Q 58. Nd4 Kxh2 59. Nf3+ Kg3 60. Nd4 Kf4 61. Ne2+ Ke3 0-1

[Event "Pula op 29th"]
[Site "Pula"]
[Date "2015.06.20"]
[Round "9"]
[White "Zvan, Ziga"]
[Black "Cappon, John"]
[Result "1/2-1/2"]
[WhiteElo "2298"]
[BlackElo "2203"]
[PlyCount "118"]
[EventDate "2015.06.13"]
[EventType "swiss"]
[EventRounds "9"]
[EventCountry "CRO"]
[SourceTitle "CBM 167 Extra"]
[Source "ChessBase"]
[SourceDate "2015.09.14"]
[SourceVersion "1"]
[SourceVersionDate "2015.09.14"]
[SourceQuality "1"]

1. d4 e6 2. e4 d5 3. exd5 exd5 4. Bd3 c5 5. Qe2+ Be7 6. dxc5 Nf6 7. Nf3 0-0 8. 0-0 Bxc5 9. Bg5 h6 10. Bh4 Nc6 11. Nbd2 Bg4 12. h3 Re8 13. Qd1 Bh5 14. g4 Bg6 15. Bxg6 fxg6 16. Nb3 Bb6 17. c3 g5 18. Bg3 Qd7 19. Qd3 h5 20. Nxg5 hxg4 21. h4 Ne5 22. Bxe5 Rxe5 23. Rae1 Rae8 24. Rxe5 Rxe5 25. Nd4 Ne4 26. Re1 Qe8 27. Nxe4 dxe4 28. Qc4+ Kh7 29. Kg2 Qg6 30. Re3 Bd8 31. Qc8 Bxh4 32. Qxb7 Bg5 33. Re1 Bh6 34. Ne2 Qf5 35. Ng3 Qf3+ 36. Kg1 Bf4 37. Nh5 Bh2+ 38. Kf1 Rxh5 39. Qxe4+ Rf5 40. Qxf3 Rxf3 41. Kg2 Bc7 42. c4 Rd3 43. Re4 Rd2 44. Rxg4 Bb6 45. b4 Bxf2 46. Kf3 Bb6 47. c5 Bc7 48. a4 Rc2 49. Ke3 a5 50. Kd3 Rc1 51. Kd2 Rb1 52. b5 Bd8 53. b6 Bxb6 54. cxb6 Rxb6 55. Rg5 Ra6 56. Ke3 Kh6 57. Rb5 g5 58. Kf3 Kh5 59. Kg3 Ra7 1/2-1/2

[Event "Pula op 29th"]
[Site "Pula"]
[Date "2015.06.19"]
[Round "8"]
[White "Kosmac, Blaz"]
[Black "Zvan, Ziga"]
[Result "1/2-1/2"]
[WhiteElo "2223"]
[BlackElo "2298"]
[PlyCount "20"]
[EventDate "2015.06.13"]
[EventType "swiss"]
[EventRounds "9"]
[EventCountry "CRO"]
[SourceTitle "CBM 167 Extra"]
[Source "ChessBase"]
[SourceDate "2015.09.14"]
[SourceVersion "1"]
[SourceVersionDate "2015.09.14"]
[SourceQuality "1"]

1. d4 Nf6 2. c4 g6 3. Nc3 Bg7 4. e4 d6 5. Nf3 0-0 6. Be2 Nbd7 7. 0-0 e5 8. Be3 Re8 9. d5 a5 10. Ne1 h6 1/2-1/2

[Event "Pula op 29th"]
[Site "Pula"]
[Date "2015.06.14"]
[Round "2"]
[White "Sarec, Ivica"]
[Black "Zvan, Ziga"]
[Result "0-1"]
[WhiteElo "2065"]
[BlackElo "2298"]
[PlyCount "46"]
[EventDate "2015.06.13"]
[EventType "swiss"]
[EventRounds "9"]
[EventCountry "CRO"]
[SourceTitle "CBM 167 Extra"]
[Source "ChessBase"]
[SourceDate "2015.09.14"]
[SourceVersion "1"]
[SourceVersionDate "2015.09.14"]
[SourceQuality "1"]

1. c4 e5 2. g3 Nf6 3. Bg2 Nc6 4. Nc3 Bb4 5. Nd5 Bc5 6. e3 d6 7. a3 Nxd5 8. cxd5 Ne7 9. Ne2 0-0 10. b4 Bb6 11. Bb2 Bg4 12. 0-0 Qd7 13. d3 Bh3 14. Qb3 Qg4 15. Bxh3 Qxh3 16. d4 e4 17. Nc3 f5 18. Qd1 Rad8 19. Rc1 f4 20. exf4 Nf5 21. Kh1 Bxd4 22. Qe2 e3 23. Qf3 Nh4 0-1

[Event "SLO-chT1 West"]
[Site "Ljubljana"]
[Date "2014.10.03"]
[Round "1"]
[White "Zvan, Ziga"]
[Black "Kolaric, Spela"]
[Result "1-0"]
[WhiteElo "2269"]
[BlackElo "2105"]
[PlyCount "69"]
[EventDate "2014.10.03"]
[EventType "team-tourn"]
[EventRounds "9"]
[EventCountry "SLO"]
[SourceTitle "EXT 2019"]
[Source "ChessBase"]
[SourceDate "2018.10.10"]
[SourceVersion "1"]
[SourceVersionDate "2018.10.10"]
[SourceQuality "1"]
[WhiteTeam "Tomo Zupan Vzajemna"]
[BlackTeam "Kocevje"]
[WhiteTeamCountry "SLO"]
[BlackTeamCountry "SLO"]

1. d4 Nf6 2. c4 e6 3. Nc3 Bb4 4. Nf3 d5 5. cxd5 exd5 6. Bg5 Bxc3+ 7. bxc3 Qd6 8. Bxf6 Qxf6 9. e3 0-0 10. Qb3 c6 11. Bd3 b6 12. 0-0 Be6 13. Ne5 g6 14. c4 dxc4 15. Bxc4 Bxc4 16. Qxc4 Rd8 17. f4 Rd6 18. f5 g5 19. Ng4 Qd8 20. f6 Qe8 21. Rf5 Nd7 22. Rxg5+ Kh8 23. Rf1 Nxf6 24. Ne5 Re6 25. Rgf5 Kg7 26. Qd3 Rd8 27. e4 Qe7 28. Qg3+ Kh8 29. Qf4 Rdd6 30. g4 Rxe5 31. Rxf6 Rxd4 32. Rxf7 Rexe4 33. Qb8+ Rd8 34. Rxe7 Rxg4+ 35. Qg3 1-0

[Event "SLO-chT1 West"]
[Site "Ljubljana"]
[Date "2013.10.27"]
[Round "9"]
[White "Zvan, Ziga"]
[Black "Hribar, Bojan"]
[Result "0-1"]
[WhiteElo "2309"]
[BlackElo "2274"]
[PlyCount "76"]
[EventDate "2013.09.27"]
[EventType "team-tourn"]
[EventRounds "9"]
[EventCountry "SLO"]
[SourceTitle "EXT 2019"]
[Source "ChessBase"]
[SourceDate "2018.10.10"]
[SourceVersion "1"]
[SourceVersionDate "2018.10.10"]
[SourceQuality "1"]
[WhiteTeam "Kranj Tomo Zupan"]
[BlackTeam "Komenda"]
[WhiteTeamCountry "SLO"]
[BlackTeamCountry "SLO"]

1. d4 d5 2. c4 c6 3. cxd5 cxd5 4. Nc3 Nf6 5. Nf3 Nc6 6. Bf4 a6 7. Ne5 e6 8. e3 Nxe5 9. dxe5 Ne4 10. Nxe4 dxe4 11. Qxd8+ Kxd8 12. 0-0-0+ Bd7 13. Kb1 Kc7 14. Bc4 Bc6 15. Bb3 Be7 16. h4 h6 17. g4 Rad8 18. h5 a5 19. Rhg1 a4 20. Bc2 b5 21. g5 Rxd1+ 22. Bxd1 hxg5 23. Bxg5 Bb4 24. a3 Bc5 25. Be2 Rb8 26. h6 gxh6 27. Bxh6 Rh8 28. Bf4 Kb6 29. Kc2 Bd5 30. Bd1 Ba2 31. f3 b4 32. axb4 Bxb4 33. fxe4 Rc8+ 34. Kd3 Bc4+ 35. Kc2 Bb5+ 36. Kb1 Bd3+ 37. Ka2 Rc1 38. b3 a3 0-1

[Event "SLO-chT1 West"]
[Site "Ljubljana"]
[Date "2013.10.25"]
[Round "7"]
[White "Potocnik, Primoz"]
[Black "Zvan, Ziga"]
[Result "1/2-1/2"]
[WhiteElo "2142"]
[BlackElo "2309"]
[PlyCount "59"]
[EventDate "2013.09.27"]
[EventType "team-tourn"]
[EventRounds "9"]
[EventCountry "SLO"]
[SourceTitle "EXT 2019"]
[Source "ChessBase"]
[SourceDate "2018.10.10"]
[SourceVersion "1"]
[SourceVersionDate "2018.10.10"]
[SourceQuality "1"]
[WhiteTeam "Trebnje BMP"]
[BlackTeam "Kranj Tomo Zupan"]
[WhiteTeamCountry "SLO"]
[BlackTeamCountry "SLO"]

1. d4 Nf6 2. c4 g6 3. Nc3 d5 4. e3 Bg7 5. Nf3 0-0 6. cxd5 Nxd5 7. Bc4 Nxc3 8. bxc3 c5 9. 0-0 Nc6 10. Qe2 a6 11. a4 Bd7 12. Ba3 cxd4 13. cxd4 Na5 14. Bd3 Rc8 15. Rfb1 Be6 16. Nd2 f5 17. Rc1 Rxc1+ 18. Rxc1 Qd7 19. f4 Qxa4 20. Bxe7 Re8 21. Bc5 b5 22. Qe1 b4 23. Ra1 Ba2 24. Nc4 Nb3 25. Nb6 Qc6 26. Bc4+ Kh8 27. Bd5 Qb5 28. Bc4 Qc6 29. Bd5 Qb5 30. Bc4 1/2-1/2

[Event "Pula op 27th"]
[Site "Pula"]
[Date "2013.06.15"]
[Round "9"]
[White "Okhotnik, Vladimir"]
[Black "Zvan, Ziga"]
[Result "1-0"]
[WhiteElo "2399"]
[BlackElo "2288"]
[PlyCount "45"]
[EventDate "2013.06.08"]
[EventType "swiss"]
[EventRounds "9"]
[EventCountry "CRO"]
[SourceTitle "CBM 154 Extra"]
[Source "ChessBase"]
[SourceDate "2013.06.25"]
[SourceVersion "2"]
[SourceVersionDate "2013.06.25"]
[SourceQuality "1"]

1. d4 Nf6 2. Nf3 g6 3. Nc3 d5 4. Bf4 Bg7 5. e3 0-0 6. Be2 c5 7. Ne5 b6 8. h4 h5 9. Qd2 Bb7 10. 0-0-0 Nc6 11. f3 Nxe5 12. Bxe5 Bh6 13. g4 hxg4 14. fxg4 Ne4 15. Nxe4 dxe4 16. g5 Bg7 17. Bxg7 Kxg7 18. Qc3 f6 19. h5 Qd5 20. gxf6+ exf6 21. dxc5 Qxc5 22. Rd7+ Rf7 23. h6+ 1-0

[Event "Pula op 27th"]
[Site "Pula"]
[Date "2013.06.14"]
[Round "8"]
[White "Zvan, Ziga"]
[Black "Banovic, Ivan"]
[Result "1-0"]
[WhiteElo "2288"]
[BlackElo "2180"]
[PlyCount "119"]
[EventDate "2013.06.08"]
[EventType "swiss"]
[EventRounds "9"]
[EventCountry "CRO"]
[SourceTitle "CBM 154 Extra"]
[Source "ChessBase"]
[SourceDate "2013.06.25"]
[SourceVersion "2"]
[SourceVersionDate "2013.06.25"]
[SourceQuality "1"]

1. d4 Nf6 2. c4 g6 3. Nc3 Bg7 4. Nf3 0-0 5. Bf4 c5 6. e3 cxd4 7. exd4 d5 8. Be2 Nc6 9. 0-0 Bg4 10. Rc1 Rc8 11. b3 Bxf3 12. Bxf3 dxc4 13. d5 Nb4 14. bxc4 Rxc4 15. Be5 Qa5 16. a3 Na6 17. Qb3 Rcc8 18. Qxb7 Nc5 19. Qb5 Qd8 20. Rfd1 Nfd7 21. Bxg7 Kxg7 22. Ne2 Rb8 23. Qc4 Qb6 24. Nd4 Qd6 25. Nc6 Rb3 26. Nxa7 Qf6 27. Nb5 Qa6 28. Rb1 Rxb1 29. Rxb1 Rc8 30. h4 h5 31. Qd4+ Kg8 32. d6 e5 33. Qd5 Rb8 34. Be2 Qa4 35. Bc4 Ne6 36. Rb4 Qc2 37. Bb3 Qc1+ 38. Qd1 Qc5 39. Bxe6 fxe6 40. Qb3 Qc1+ 41. Kh2 Nc5 42. Qc3 Qxc3 43. Nxc3 Rd8 44. Nb5 Nb7 45. a4 Nxd6 46. Nxd6 Rxd6 47. a5 Rd2 48. Ra4 Rxf2 49. a6 Rf8 50. a7 Ra8 51. Kg3 Kg7 52. Kf3 Kf7 53. Ke4 Kf6 54. Ra5 g5 55. hxg5+ Kxg5 56. Kxe5 Kg4 57. Ra3 h4 58. Kxe6 Kf4 59. Kd6 Kg4 60. Kc6 1-0

[Event "Pula op 27th"]
[Site "Pula"]
[Date "2013.06.12"]
[Round "6"]
[White "Zvan, Ziga"]
[Black "Fercec, Nenad"]
[Result "1-0"]
[WhiteElo "2288"]
[BlackElo "2499"]
[PlyCount "69"]
[EventDate "2013.06.08"]
[EventType "swiss"]
[EventRounds "9"]
[EventCountry "CRO"]
[SourceTitle "CBM 154 Extra"]
[Source "ChessBase"]
[SourceDate "2013.06.25"]
[SourceVersion "2"]
[SourceVersionDate "2013.06.25"]
[SourceQuality "1"]

1. d4 d5 2. c4 Nc6 3. Nf3 Bg4 4. cxd5 Bxf3 5. exf3 Qxd5 6. Be3 e5 7. Nc3 Bb4 8. dxe5 Qxe5 9. Qc1 Nge7 10. Be2 Nd5 11. 0-0 Nxe3 12. fxe3 Bc5 13. Nd1 0-0 14. f4 Qe7 15. Bf3 Nb4 16. Bxb7 Rab8 17. Be4 Rfd8 18. Kh1 g6 19. Qc4 Nxa2 20. Bxg6 hxg6 21. f5 Nb4 22. fxg6 Nd3 23. gxf7+ Kf8 24. Qg4 Qd6 25. Qg8+ Ke7 26. Qg5+ Kd7 27. Qf5+ Kc6 28. Nc3 Kb7 29. b4 Bb6 30. b5 c6 31. bxc6+ Kxc6 32. Qe4+ Kd7 33. Rad1 Nc5 34. Rxd6+ Kxd6 35. Nb5+ 1-0

[Event "SLO-chT1 West"]
[Site "Ljubljana"]
[Date "2012.10.13"]
[Round "8.2"]
[White "Bratko, Ivan"]
[Black "Zvan, Ziga"]
[Result "0-1"]
[WhiteElo "2204"]
[BlackElo "2284"]
[PlyCount "72"]
[EventDate "2012.09.21"]
[EventType "team-tourn"]
[EventRounds "9"]
[EventCountry "SLO"]
[SourceTitle "EXT 2022"]
[Source "ChessBase"]
[SourceDate "2021.10.06"]
[SourceVersion "1"]
[SourceVersionDate "2021.10.06"]
[SourceQuality "1"]
[WhiteTeam "Domzale SD"]
[BlackTeam "Kranj Tomo Zupan"]
[WhiteTeamCountry "SLO"]
[BlackTeamCountry "SLO"]

1. e4 e5 2. Nf3 Nc6 3. d4 exd4 4. Nxd4 Bc5 5. Nb3 Bb6 6. Nc3 Nf6 7. Qe2 0-0 8. Be3 Re8 9. f3 d6 10. 0-0-0 Be6 11. Kb1 Qe7 12. g4 Nd7 13. h4 a5 14. a4 Bxb3 15. cxb3 Nb4 16. Bxb6 Nxb6 17. Qf2 Qe6 18. Bb5 Re7 19. Nd5 N6xd5 20. Bc4 c6 21. Qd4 b5 22. exd5 Qc8 23. Bd3 bxa4 24. bxa4 cxd5 25. Rc1 Qe6 26. Bb5 Qg6+ 27. Ka1 Nc2+ 28. Rxc2 Qxc2 29. Qxd5 Rd8 30. Qg5 f6 31. Qd5+ Kh8 32. h5 h6 33. f4 Qe4 34. Qd1 Qxf4 35. Rf1 Qb4 36. Qc1 d5 0-1

[Event "Pula op 26th"]
[Site "Pula"]
[Date "2012.06.16"]
[Round "9"]
[White "Zvan, Ziga"]
[Black "Monjac, Mislav"]
[Result "1-0"]
[WhiteElo "2273"]
[BlackElo "2074"]
[PlyCount "73"]
[EventDate "2012.06.09"]
[EventType "swiss"]
[EventRounds "9"]
[EventCountry "CRO"]
[SourceTitle "CBM 148 Extra"]
[Source "ChessBase"]
[SourceDate "2012.06.22"]
[SourceVersion "1"]
[SourceVersionDate "2012.06.22"]
[SourceQuality "1"]

1. e4 c5 2. Nf3 d6 3. d4 cxd4 4. Nxd4 Nf6 5. Nc3 Nc6 6. Be3 Ng4 7. Nxc6 bxc6 8. Bc1 g6 9. h3 Ne5 10. f4 Nd7 11. Be3 Bg7 12. Qd2 0-0 13. Nd1 c5 14. Bd3 Bb7 15. c3 Bc6 16. 0-0 Rb8 17. Nf2 Qc7 18. Rae1 Rfd8 19. f5 Ne5 20. Bf4 Nxd3 21. Nxd3 Qb7 22. fxg6 hxg6 23. Qe3 a5 24. Rf2 c4 25. Nc1 Qb6 26. Qf3 Rf8 27. Qg3 Qc5 28. Kh2 a4 29. a3 Rb5 30. Na2 Qh5 31. Nb4 f5 32. Nxc6 fxe4 33. Nxe7+ Kh7 34. Rxe4 Rf7 35. Bxd6 Rxf2 36. Qxf2 Re5 37. Rh4 1-0

[Event "Pula op 26th"]
[Site "Pula"]
[Date "2012.06.15"]
[Round "8"]
[White "Draganic, Stjepan"]
[Black "Zvan, Ziga"]
[Result "0-1"]
[WhiteElo "2157"]
[BlackElo "2273"]
[PlyCount "104"]
[EventDate "2012.06.09"]
[EventType "swiss"]
[EventRounds "9"]
[EventCountry "CRO"]
[SourceTitle "CBM 148 Extra"]
[Source "ChessBase"]
[SourceDate "2012.06.22"]
[SourceVersion "1"]
[SourceVersionDate "2012.06.22"]
[SourceQuality "1"]

1. d4 Nf6 2. Bf4 g6 3. e3 Bg7 4. Nf3 d5 5. Be2 c5 6. c3 0-0 7. Nbd2 b6 8. Ne5 Bb7 9. h3 Nfd7 10. Nxd7 Qxd7 11. 0-0 Nc6 12. Bb5 a6 13. Bxc6 Qxc6 14. Bg3 f6 15. f4 a5 16. Nf3 a4 17. a3 Ra6 18. Qd2 Bc8 19. Rfd1 Rd8 20. Qe2 Ra7 21. Rac1 Ba6 22. Qf2 Rad7 23. Rd2 Bc4 24. Rcd1 Re8 25. Rc1 b5 26. dxc5 e5 27. Rcd1 Bb3 28. Re1 Qxc5 29. e4 Qxf2+ 30. Kxf2 Bh6 31. exd5 Red8 32. Bh2 exf4 33. Rd4 g5 34. Rde4 Bxd5 35. Re8+ Rxe8 36. Rxe8+ Kf7 37. Rb8 Bc4 38. Nd4 Bf8 39. g3 fxg3+ 40. Bxg3 Bc5 41. h4 Bxd4+ 42. cxd4 Rxd4 43. hxg5 fxg5 44. Be5 Re4 45. Bc3 h5 46. Rb6 Rf4+ 47. Kg3 h4+ 48. Kh3 Bf1+ 49. Kh2 g4 50. Be5 Rf3 51. Bb8 g3+ 52. Kg1 Bh3 0-1

[Event "SLO-chT 20th"]
[Site "Gostovanja"]
[Date "2010.11.06"]
[Round "8"]
[White "Brumen, Dinko"]
[Black "Zvan, Ziga"]
[Result "1/2-1/2"]
[WhiteElo "2359"]
[BlackElo "2301"]
[PlyCount "106"]
[EventDate "2010.05.15"]
[EventType "team-tourn"]
[EventRounds "9"]
[EventCountry "SLO"]
[SourceTitle "EXT 2020"]
[Source "ChessBase"]
[SourceDate "2019.10.17"]
[SourceVersion "1"]
[SourceVersionDate "2019.10.17"]
[SourceQuality "1"]
[WhiteTeam "Krsko Triglav"]
[BlackTeam "Kranj Tomo Zupan"]
[WhiteTeamCountry "SVK"]
[BlackTeamCountry "SLO"]

1. d4 Nf6 2. c4 g6 3. g3 Bg7 4. Bg2 d5 5. cxd5 Nxd5 6. Nc3 Nb6 7. Nf3 0-0 8. 0-0 Nc6 9. d5 Na5 10. e4 c6 11. Nd4 e5 12. Nc2 cxd5 13. exd5 Nac4 14. b3 Nd6 15. Bb2 Re8 16. a4 Bd7 17. Ne3 Rc8 18. Qd2 h5 19. Rfc1 Bh6 20. a5 Na8 21. Ncd1 Nc7 22. Qb4 Ncb5 23. Rxc8 Bxc8 24. Bf1 Nd4 25. a6 b6 26. Ra4 Bg7 27. Nc4 Ne4 28. Nxe5 Bxe5 29. Bxd4 Qxd5 30. Qb5 Qxb5 31. Bxb5 Rd8 32. Bxe5 Rxd1+ 33. Kg2 Rd5 34. Rxe4 Rxb5 35. Bf6 Be6 36. Rd4 g5 37. b4 Kh7 38. Kf1 Bc8 39. Ke1 Bxa6 40. Rd7 Rxb4 41. Bxg5 Bc4 42. Rxa7 Rb2 43. Be3 b5 44. Rc7 Be6 45. Bd4 Rb4 46. Bc3 Re4+ 47. Kd2 b4 48. Kd3 Bf5 49. Rxf7+ Kg6 50. Rg7+ Kh6 51. Rf7 Kg6 52. Rg7+ Kh6 53. Rf7 Kg6 1/2-1/2